Iglesia en Nicaragua: ¿opciones contrapuestas? /

Guardado en:
Bibliografiske detaljer
Hovedforfatter: Maizal, Luisa
Format: Texto
Fag:
Tags: Tilføj Tag
Ingen Tags, Vær først til at tagge denne postø!

MARC

LEADER 00000 a a2200000 04500
001 12134
003
040
100 |a Maizal, Luisa  
245 |a Iglesia en Nicaragua:   |b ¿opciones contrapuestas? /  |c Luisa Maizal 
650 |a POLITICA  
650 |a RELIGION  
650 |a TEOLOGIA DE LA LIBERACION  
650 |a IGLESIA CATOLICA  
650 |a GOBIERNO CENTRAL  
773 |g número 25; páginas 47-52  
999 |c 31826  |d 31826